000 00989nam a2200313Ia 4500
003 OSt
005 20221006155117.0
006 a|||||r|||| 00| 0
007 ta
008 221006b |||||||| |||| 00| 0 eng d
020 _a9781858985114
_c¥20,008
024 _a40,395
037 _bGift, Japan Foundation
_cTextual
040 _aEASL
_cEASL
_beng
041 _2eng
_aeng
082 _aX8(A):8.42, N8
100 _aTACHIBANAKI Toshiaki
_9235454
245 0 _aWho runs japanese business?
_b Management and motivation in the firm
260 _aCHELTENHAM
_bEdward Elger
_c1998
300 _axxvi,262p.
_ccm.
490 _v JEL
650 _a Employee motivation - Japan
_9668362
650 _a Executive ability
_9668363
650 _a Executives - Japan - Attitudes
_9668364
650 _a Industrial management - Japan
650 _aJEL
942 _hX8(A):8.42, N8
_cTEXL
_2CC
999 _c1108481
_d1108481